2019 Movies - Statistics

General Stats
  • This quiz has been taken 62 times
  • The average score is 21 of 50
Answer Stats
Picture Answer % Correct
Avengers: Endgame
91%
Dumbo
91%
Joker
91%
Toy Story 4
91%
Aladdin
89%
Spider-Man: Far From Home
89%
How To Train Your Dragon: The Hidden World
85%
Jumanji: The Next Level
85%
Captain Marvel
81%
Maleficent: Mistress Of Evil
79%
Shazam!
77%
The Lion King
77%
Lady And The Tramp
74%
Knives Out
66%
Hellboy
62%
Men In Black: International
62%
1917
57%
Us
55%
Zombieland: Double Tap
53%
Glass
51%
Alita: Battle Angel
45%
Charlie's Angels
40%
Ready Or Not
38%
Spies In Disguise
34%
Pet Sematary
32%
Uncut Gems
32%
6 Underground
28%
Ad Astra
28%
Gemini Man
28%
Brightburn
26%
Tolkien
26%
Booksmart
19%
Missing Link
19%
Fighting With My Family
17%
Good Boys
17%
Triple Frontier
17%
21 Bridges
15%
Angel Has Fallen
15%
Fast & Furious: Hobbs & Shaw
15%
Just Mercy
13%
Judy
9%
Long Shot
9%
Playing With Fire
6%
Stuber
6%
Cold Pursuit
4%
Isn’t It Romantic
4%
What Men Want
4%
Black And Blue
2%
Late Night
2%
Miss Bala
2%
No matching quizzes found
Score Distribution
Percent of People with Each Score
Percentile by Number Answered
Your Score History
You have not taken this quiz